De lege política, eiusque naturali executione, et obligatione, tam inter laicos, quam ecclesiasticos ratione boni communis

Detalles Bibliográficos
Autor principal: GONZALEZ De SALCEDO, Pedro
Formato: Libro
Publicado: Madrid 1678
Materias:
Colección:Banco de datos
Acervo:Biblioteca Nacional de Antropología e Historia. Fondo Conventual
Descripción Física:2a.parte
Tema general:Derecho Eclesiástico
Notas:Regular. Ex libris impreso no identificado y un ex libris manuscrito de Leyva XIX, 1,3.
LEADER 00831nam a22002050004500
035 |a 8268 
036 |a 2873 
100 1 |a GONZALEZ De SALCEDO, Pedro 
245 1 0 |a De lege política, eiusque naturali executione, et obligatione, tam inter laicos, quam ecclesiasticos ratione boni communis 
260 |a Madrid  |b José Fernández de Buendía  |c 1678 
300 |a 2a.parte 
500 |a Regular. Ex libris impreso no identificado y un ex libris manuscrito de Leyva XIX, 1,3. 
650 1 0 |a Derecho Eclesiástico 
949 |a B.N.A.H. 
959 |a Biblioteca Nacional de Antropología e Historia. Ciudad de México  |b CCC1 
960 |a Seminario de Morelia  |b DD56 
961 |a Casa de formación del Clero Secular  |b CS 
942 |c B.N.A.H. 
943 |g Biblioteca Nacional de Antropología e Historia. Fondo Conventual 
999 |c 1032800  |d 1032800